000 004450000a22001810004500
003 MACL
005 20150919154509.0
008 150919b xxu||||| |||| 00| 0 eng d
040 _aMACL
_cMACL
041 _aEnglish
082 _a891/JOS
100 _aJoshi, Ramanlal
_99273
245 _aGovardhanram
_bMakers of Indian Literature
260 _bSahiya Akademi
_c1979
_aBombay
350 _a2.50
650 _alit
_912111
942 _cBK
_k891
_2ddc
999 _c5161
_d5161